Statystyki dla Państwa z dwoma sąsiadami

Kliknij tutaj aby rozwiązać quiz!

Ogólne statystyki

  • Ten quiz został rozwiązany 5 947 razy
  • Średni wynik to 18 z 27

Statystyki odpowiedzi

SąsiedziKraj% Poprawnych
Kanada & MeksykStany Zjednoczone
96%
Łotwa & RosjaEstonia
92%
Finlandia & NorwegiaSzwecja
87%
Francja & HiszpaniaAndora
87%
Chiny & RosjaMongolia
86%
Belgia & NiemcyHolandia
85%
Austria & SzwajcariaLiechtenstein
83%
Chiny & IndieNepal
78%
Rumunia & UkrainaMołdawia
75%
Argentyna & BrazyliaUrugwaj
73%
Oman & Arabia SaudyjskaJemen
72%
Kolumbia & PeruEkwador
72%
Nikaragua & PanamaKostaryka
70%
Kolumbia & KostarykaPanama
70%
Mjanma & IndieBangladesz
69%
Chiny & IndieBhutan
64%
Izrael & SyriaLiban
62%
Algieria & LibiaTunezja
62%
Gwatemala & HondurasSalwador
61%
Gwatemala & MeksykBelize
59%
Irak & Arabia SaudyjskaKuwejt
59%
Oman & Arabia SaudyjskaZjednoczone
Emiraty Arabskie
59%
Kostaryka & HondurasNikaragua
58%
Mozambik & Południowa AfrykaEswatini
42%
Kamerun & GabonGwinea Równikowa
41%
Gwinea & SenegalGwinea-Bissau
37%
Gwinea & LiberiaSierra Leone
36%

Rozkład punktacji

Percentyl według liczby udzielonych odpowiedzi

Procent ludzi z każdym wynikiem

Twoja historia wyników

Nie rozwiązałeś tego quizu